1389 1114 1450 1597 1465 1504 1309 1254 1731 1966 1604 1802 1673 1501 1791 1511 1040 1263 1882 1591 1696 1958 1861 1049 1350 1500 1296 1616 1628 1144 1457 1598 1281 1988 1721 1509 1673 1422 1679 1125 1486 1982 1927 1751 1715 1974 1552 1669 1432 1995 1234 1569 1971 1441 1463 1677 1191 1732 1257 1674 1378 1144 1218 1762 1470 1803 1260 1612 1364 1879 1619 1776 1214 1929 1991 1443 1249 1299 1400 1117 1818 1575 1292 1308 1238 1483 1742 1667 1766 1428 1197 1125 1458 1915 1485 1729 1952 1380 1489 BCNSPRNW ULIB Ver.6.0+V

เปลี่ยนเป็นภาษาไทย

Change to English
 แสดงรายละเอียดบรรณานุกรม
  กลับหน้าหลัก

Brief Record : Get Marc (ISO 2709) : E-mail record : QR code < ปิดหน้าต่าง
LEADER : 00000nam 2200000uu 4500
001    13399121365
003     ULIB
008    020711s2555 th a 000 0 tha d
099    วจ.WY86^bส876ก
100    สุวัฒนา คำสุข, รุ่งนภา สูตินันท์โอภาส, วาสนา มั่งคั่ง และจรวยพร ทะแกล้วพันธุ์
245    การศึกษาความต้องการผู้ช่วยพยาบาลในโรงพยาบาลศูนย์และโรงพยาบาลทั่วไปของกระทรวงสาธารณสุข
260    นนทบุรี :^bสถาบันพระบรมราชชนก กระทรวงสาธารณสุข,^c2555
300    76 หน้า;^b29 ซม.
650    ผู้ช่วยโรงพยาบาล^xวิจัย
945    ^p0^l0^i033100
999    ^aใช้งานได้ทุกระบบ
รายการนี้ยังไม่มีแท็ก
คุณยังไม่ได้ล็อกอิน คุณสามารถมีกิจกรรมร่วมกับเว็บไซต์ได้ แต่ต้องล็อกอินก่อน ::
  ล็อกอิน

รายการสื่อสารสนเทศ

ลำดับที่ ประเภท เลขเรียก/บาร์โค้ด สถานที่ สถานะ
1. งานวิจัย
งานวิจัย
วจ.WY86 ส876ก  
  Barcode: 033100
ห้องสมุดวิทยาเขตสวรรค์ประชารักษ์
►วิจัย
บนชั้น

BibComment


ยังไม่เคยถูกคอมเมนท์

คอมเมนท์ทรัพยากรรายการนี้
  คอมเมนท์: การศึกษาความต้องก..


 Copyright 2026. Bcnsprnw @Library